[Event "Napoli Spring Cup 1st"]
[Site "Napoli"]
[Date "2017.03.09"]
[Round "1"]
[White "Schiappoli, Dario"]
[Black "Giusti, Raffaele"]
[Result "1-0"]
[WhiteElo "1803"]
[BlackElo "1440"]
[PlyCount "49"]
[EventDate "2017.03.09"]
[EventType "swiss"]
[EventRounds "6"]
[EventCountry "ITA"]
[SourceTitle "EXT 2018"]
[Source "ChessBase"]
[SourceDate "2017.10.13"]
[SourceVersion "1"]
[SourceVersionDate "2017.10.13"]
[SourceQuality "1"]

1. e4 e5 2. f4 Nc6 3. Nf3 d6 4. d4 exd4 5. Nxd4 Nxd4 6. Qxd4 c5 7. Qd3 Bd7 8. Nc3 Nf6 9. Be3 Qe7 10. Be2 a6 11. Bf3 Bg4 12. 0-0 g6 13. Bf2 Bxf3 14. Qxf3 Bg7 15. e5 dxe5 16. fxe5 Qxe5 17. Rae1 Qe6 18. Rxe6+ fxe6 19. Bxc5 Rc8 20. Qxb7 Rxc5 21. Qxg7 Rf8 22. Rxf6 Rxf6 23. Qxf6 e5 24. Qe6+ Kf8 25. Qd6+ 1-0